书目信息 |
| 题名: |
单元机组集控运行
|
|
| 作者: | 陈庚 主编 | |
| 分册: | ||
| 出版信息: | 北京 中国电力出版社 2001.05 |
|
| 页数: | 270页 | |
| 开本: | 26cm | |
| 丛书名: | ||
| 单 册: | ||
| 中图分类: | TM621 | |
| 科图分类: | ||
| 主题词: | 发电厂 | |
| 电子资源: | ||
| ISBN: | 7-5083-0530-2 | |
| 000 | 00547nam0 2200193 450 | |
| 001 | 0755104339 | |
| 005 | 20070402151934.03 | |
| 010 | @a7-5083-0530-2@dCNY27.00 | |
| 100 | @a20070402d2001 km y0chiy0120 ea | |
| 101 | 0 | @achi |
| 102 | @aCN@b110000 | |
| 200 | 1 | @a单元机组集控运行@Adan yuan ji zu ji kong yun xing@f陈庚主编@Fchen geng zhu bian |
| 210 | @a北京@c中国电力出版社@d2001.05 | |
| 215 | @a270页@d26cm | |
| 606 | 0 | @a发电厂 |
| 690 | @aTM621@v3 | |
| 701 | 0 | @a陈庚@Achen geng@4主编 |
| 801 | 0 | @aCN@bNISOFT@c20070402 |
| 905 | @a10447@dTM621@eC422 | |
| 单元机组集控运行/陈庚主编.-北京:中国电力出版社,2001.05 |
| 270页;26cm |
| ISBN 7-5083-0530-2:CNY27.00 |
| ● |
| 相关链接 |
|
|
|
正题名:单元机组集控运行
索取号:TM621/C422
 
预约/预借
| 序号 | 登录号 | 条形码 | 馆藏地/架位号 | 状态 | 备注 |
| 1 | 448202 | 204482023 | 能源与建筑环境工程学院资料室/ [索取号:TM621/C422] | 在馆 |